000 00575nam a22002057a 4500
003 OSt
005 20140310182929.0
008 130130t xxu||||| |||| 00| 0 eng d
020 _a9713009177
050 _aPL6061
_b.V71 1998
082 _aF808.0427
_b.V71 1998
245 _aSining ng pakikipagtalastasan para sa kolehiyo /
_cVillanueva, Zenaida P.
260 _aManila :
_bMerriam and Webster Bookstore, Inc.,
_cc1998
300 _a260 p.
_c22 cm.
521 _acollege students
526 _c1210L-1700L
541 _j1
562 _e1
942 _2lcc
_cBK
_kFIL
999 _c17483
_d17483